[Event "Sueca op 2nd"]
[Site "Sueca"]
[Date "2016.07.29"]
[Round "6.25"]
[White "Herrero Carrion, Alejandro"]
[Black "Riddoch, Alan"]
[Result "1-0"]
[WhiteElo "1812"]
[BlackElo "1644"]
[PlyCount "59"]
[EventDate "2016.07.25"]
[EventType "swiss"]
[EventRounds "8"]
[EventCountry "ESP"]
[SourceTitle "EXT 2024"]
[Source "ChessBase"]
[SourceDate "2023.10.10"]
[SourceVersion "1"]
[SourceVersionDate "2023.10.10"]
[SourceQuality "1"]

1. d4 Nf6 2. c4 c5 3. Nf3 g6 4. Nc3 cxd4 5. Nxd4 Bg7 6. e4 d6 7. Be2 0-0 8. Be3 a6 9. 0-0 Bd7 10. f3 Nc6 11. Qd2 Re8 12. Rac1 Rc8 13. Rfe1 Ne5 14. b3 Rc7 15. Nc2 Qc8 16. Nb4 Bc6 17. Bb6 Rd7 18. g4 Bh8 19. g5 Nh5 20. f4 Nxf4 21. Qxf4 e6 22. Nd3 Rf8 23. Nxe5 Bxe5 24. Qe3 f6 25. Bd4 Bxd4 26. Qxd4 fxg5 27. Bg4 Rf6 28. e5 dxe5 29. Qxe5 Kg7 30. Bxe6 1-0

[Event "Provincial-ch Valencia Primera"]
[Site "Valencia"]
[Date "2014.11.08"]
[Round "5.9"]
[White "Herrero Carrion, Alejandro"]
[Black "Arroyo Viguer, Rafael"]
[Result "1-0"]
[WhiteElo "1830"]
[BlackElo "1666"]
[PlyCount "65"]
[EventDate "2014.09.27"]
[EventType "swiss"]
[EventRounds "7"]
[EventCountry "ESP"]
[SourceTitle "EXT 2024"]
[Source "ChessBase"]
[SourceDate "2023.10.10"]
[SourceVersion "1"]
[SourceVersionDate "2023.10.10"]
[SourceQuality "1"]

1. f4 e6 2. e4 d5 3. e5 Nc6 4. d4 f6 5. exf6 Qxf6 6. Nf3 Bd6 7. Ne5 Bxe5 8. dxe5 Qg6 9. c3 Nge7 10. Be3 Nf5 11. Bf2 Bd7 12. Na3 a6 13. Nc2 Qf7 14. Be2 g6 15. Qd2 Rd8 16. g4 Ng7 17. Bh4 Ne7 18. 0-0-0 0-0 19. Bf6 Ne8 20. g5 Nxf6 21. gxf6 Nf5 22. Nd4 Nxd4 23. Qxd4 Rc8 24. h4 c5 25. Qf2 d4 26. h5 Kh8 27. hxg6 Qxg6 28. Rdg1 Qf5 29. Rg7 Bc6 30. Rhxh7+ Qxh7 31. Rxh7+ Kxh7 32. Qh4+ Kg8 33. Qg5+ 1-0

[Event "Valencia Autonomico Norte-A"]
[Site "Valencia"]
[Date "2009.02.07"]
[Round "5.8"]
[White "Herrero Carrion, Alejandro"]
[Black "Valles Calvo, Luciano"]
[Result "0-1"]
[WhiteElo "1817"]
[BlackElo "2013"]
[PlyCount "54"]
[EventDate "2009.01.10"]
[EventType "team-tourn"]
[EventRounds "5"]
[EventCountry "ESP"]
[SourceTitle "EXT 2011"]
[Source "ChessBase"]
[SourceDate "2010.11.26"]
[SourceVersion "1"]
[SourceVersionDate "2010.11.26"]
[SourceQuality "1"]

1. e4 c5 2. Nf3 Nf6 3. Nc3 e6 4. d4 cxd4 5. Nxd4 d6 6. Bc4 Be7 7. Qf3 Nc6 8. Bb5 Bd7 9. Bxc6 bxc6 10. Bg5 Qa5 11. Bd2 Qb6 12. Nb3 0-0 13. 0-0 e5 14. Qg3 Nh5 15. Qf3 Nf6 16. Qd3 a5 17. a4 Be6 18. Be3 Qb4 19. Nd2 d5 20. Bg5 Rfd8 21. Bxf6 Bxf6 22. Nf3 d4 23. Ne2 Bc4 24. Qd1 d3 25. Nc1 dxc2 26. Qxc2 Bxf1 27. Na2 Qc4 0-1